000 00482nam a2200169Ia 4500
008 240729s9999 xx 000 0 und d
022 _a1820-7375
245 0 _aEkonomski Anali
260 _aSerbia
260 _bFaculty of Economics, Belgrade
650 _a Economic growth, development, planning
650 _a Industries. Land use. Labor
650 _aSocial Sciences
856 _uhttps://doaj.org/toc/944714032cf347a690634c4259b51ad8
942 _2ddc
942 _cDOAJEJ
999 _c66549
_d66549
945 _a1
_bMadushi Gamage
_c1
_dMadushi Gamage